30 jeux vidéo à compléter - 2023 - Statistiques

Statistiques générales
  • Ce quiz a été pris 66 fois
  • Le résultat moyen est 16 sur 30
Statistiques - réponses
Hint Réponse % Correct
...-Strike 2 Counter
89%
Street ... 6 Fighter
87%
Hogwarts ... : L'Héritage de Poudlard Legacy
85%
Marvel's ...-Man 2 Spider
85%
...: Frontiers of Pandora Avatar
82%
Alan ... II Wake
73%
Baldur's ... III Gate
71%
The Legend of Zelda: ... of the Kingdom Tears
71%
Super Mario Bros. ... Wonder
67%
... Company Lethal
62%
... 4 Pikmin
60%
...field Star
60%
Lies of ... P
58%
F-Zero ... 99
56%
... Traveler II Octopath
55%
... the Diver Dave
53%
Cyberpunk 2077: ... Liberty Phantom
49%
Wo Long: ... Dynasty Fallen
45%
The Talos ... II Principle
44%
Star Wars Jedi: ... Survivor
44%
Sea of ... Stars
42%
Chants of ... Sennaar
40%
Slay the ... Princess
38%
Hi-Fi ... Rush
36%
...: Final Bar Line Theatrhythm
33%
Fire Emblem ... Engage
31%
... Tower Pizza
29%
Armored Core VI: ... of Rubicon Fires
25%
... Jusant
25%
...finder View
25%
Aucun quiz correspondant
Distribution des résultats
% des personnes avec chaque résultat
Percentile par nombre de réponses
Votre historique - résultats
Vous n’avez pas pris ce quiz